000 00992naa a22002777u 4500
001 05507
003 HDC
007 cr bn ---aaaaa
008 210120s xx a b 001 0 eng
040 _aHDC
100 _aReid, Gregor,
_eauthor
_95754
245 0 _aProbiotic Foods Today and the Future: Where Science and Commerce Need to Meet /
_cby Gregor Reid, Jean Maclaim, Ruben Hummelen, Joke Dols and Wayne L. Miller
260 _a[No Place] :
_b[publisher not identified],
_c[no year]
300 _a13 pages
336 _atext
_2rdacontent
337 _acomputer
_2rdamedia
338 _aonline resource
_2rdacarrier
500 _aOriginal from book
650 _aFood industry
_9536
650 _aFood
_91783
650 _aProbiotic food
_95755
856 _zRequest full-text at [email protected]
942 _2lcc
942 _cCHAP
942 _kEBCH 002797
999 _c2831
_d2831